| 000 | 00352nam a22001217a 4500 | ||
|---|---|---|---|
| 082 |
_a297.63 _bFAU _cL-39, P-27 |
||
| 100 |
_aFauz ur Rehman, Dr Hafiz Qari _951046 |
||
| 245 | _aآنحضرت بحیثیت سپہ سالار | ||
| 260 |
_aRawalpindi, _bArmy Press, _c2000. |
||
| 300 | _a43p. | ||
| 526 |
_a0 _b0 _c0 _d297_630000000000000_FAU |
||
| 942 |
_2ddc _cBK |
||
| 999 |
_c553787 _d553787 |
||